Catálogo
 En Linea

Uso de los recursos naturales por el hombre. (Registro nro. 25852)

Detalles MARC
000 -CABECERA
campo de control de longitud fija 00245nam a2200097 a 4500
005 - FECHA Y HORA DE LA ÚLTIMA TRANSACCIÓN
campo de control 20200930024528.0
008 - DATOS DE LONGITUD FIJA--INFORMACIÓN GENERAL
campo de control de longitud fija 110315s2010 000 spa d
040 ## - FUENTE DE LA CATALOGACIÓN
Centro catalogador/agencia de origen DO-SdBNP
245 #0 - MENCIÓN DE TÍTULO
Título Uso de los recursos naturales por el hombre.
260 ## - PUBLICACIÓN, DISTRIBUCIÓN, ETC.
Fecha de publicación, distribución, etc. 2010.

No hay ítems disponibles.

Con tecnología Koha